[Event "Basel Swiss YM"]
[Site "Basel"]
[Date "2024.04.07"]
[Round "9"]
[White "Richter, Nils"]
[Black "Hryzlova, Sofiia"]
[Result "1-0"]
[WhiteElo "2400"]
[BlackElo "2251"]
[PlyCount "89"]
[EventDate "2024.03.30"]
[EventType "tourn"]
[EventRounds "9"]
[EventCountry "SUI"]
[EventCategory "4"]
[SourceTitle "CB15_2024"]
[SourceDate "2024.04.10"]
[SourceVersion "1"]
[SourceVersionDate "2024.04.10"]
[SourceQuality "1"]

1. c4 e5 2. Nc3 Bb4 3. Qc2 Nc6 4. Nf3 Nf6 5. e3 a5 6. Nd5 0-0 7. Qf5 Nxd5 8. cxd5 d6 9. Qh5 Ne7 10. a3 Bc5 11. d4 Bb6 12. Bd3 h6 13. dxe5 dxe5 14. e4 f5 15. 0-0 fxe4 16. Bxe4 Bf5 17. Bxf5 Rxf5 18. Qg4 Qd6 19. Bd2 Raf8 20. Rad1 Kh8 21. Qe4 Ng6 22. Be3 R8f6 23. Rfe1 Bxe3 24. fxe3 Qb6 25. Re2 Rf4 26. Qc2 Rg4 27. Kh1 Qd6 28. Rf2 e4 29. Ng1 Nh4 30. Rxf6 gxf6 31. Rd2 f5 32. Nh3 Rg7 33. Nf4 Qa6 34. Rf2 Kh7 35. Qd1 Qb6 36. Qe1 Rf7 37. Ne6 Qd6 38. Qxa5 Rd7 39. Qe1 Qe7 40. Rd2 Ng6 41. Qf2 Qf7 42. h3 c6 43. dxc6 Rd3 44. cxb7 Qxb7 45. Nc5 1-0

[Event "Mitropa Cup (Women)"]
[Site "Apolda"]
[Date "2024.02.17"]
[Round "3.3"]
[White "Klek, Hanna Marie"]
[Black "Hryzlova, Sofiia"]
[Result "1/2-1/2"]
[WhiteElo "2279"]
[BlackElo "2196"]
[PlyCount "88"]
[EventDate "2024.02.15"]
[EventType "team-tourn"]
[EventRounds "9"]
[EventCountry "GER"]
[SourceTitle "CB09_2024"]
[SourceDate "2024.02.28"]
[SourceVersion "1"]
[SourceVersionDate "2024.02.28"]
[SourceQuality "1"]
[WhiteTeam "Germany (W)"]
[BlackTeam "Switzerland (W)"]
[WhiteTeamCountry "GER"]
[BlackTeamCountry "SUI"]

1. e4 e6 2. d4 d5 3. e5 c5 4. c3 Nc6 5. Nf3 Qb6 6. Bd3 cxd4 7. 0-0 Bd7 8. Re1 Nge7 9. h4 a6 10. h5 g6 11. Nbd2 gxh5 12. Nf1 Ng6 13. Ng3 0-0-0 14. Nxh5 Kb8 15. Rb1 Be7 16. Bh6 Rhg8 17. Qe2 Nh4 18. Nxh4 Bxh4 19. Bg7 Bg5 20. Qf3 Qc7 21. Bxh7 Rxg7 22. Nxg7 Bd2 23. cxd4 Nxd4 24. Qxf7 Bxe1 25. Rxe1 Qa5 26. Rd1 Qb4 27. Bd3 Qxb2 28. Qe7 Nc6 29. Qd6+ Ka8 30. Nxe6 Bxe6 31. Qxe6 Rf8 32. Rf1 Qxa2 33. Qh6 Re8 34. f4 Qa3 35. Rf3 Nd4 36. Rh3 Qc1+ 37. Kh2 Rg8 38. Rg3 Rxg3 39. Kxg3 Qe3+ 40. Kg4 Qxd3 41. Qf8+ Ka7 42. Qc5+ Ka8 43. Qc8+ Ka7 44. Qc5+ Ka8 1/2-1/2

[Event "EU-chT (Women) 24th"]
[Site "Budva"]
[Date "2023.11.19"]
[Round "8.7"]
[White "Kazarian, Anna Maja"]
[Black "Hryzlova, Sofiia"]
[Result "0-1"]
[WhiteElo "2190"]
[BlackElo "2199"]
[PlyCount "102"]
[EventDate "2023.11.11"]
[EventType "team-swiss"]
[EventRounds "9"]
[EventCountry "MNE"]
[SourceTitle "CB47_2023"]
[SourceDate "2023.11.22"]
[SourceVersion "1"]
[SourceVersionDate "2023.11.22"]
[SourceQuality "1"]
[WhiteTeam "Netherlands (W)"]
[BlackTeam "Switzerland (W)"]
[WhiteTeamCountry "NED"]
[BlackTeamCountry "SUI"]

1. e4 e6 2. d4 d5 3. Bd3 dxe4 4. Bxe4 Nf6 5. Bf3 c5 6. Ne2 cxd4 7. Qxd4 Nbd7 8. Be3 Bc5 9. Qc3 Qe7 10. Bxc5 Nxc5 11. b4 Ncd7 12. 0-0 0-0 13. Nd2 Nb6 14. Nf4 Bd7 15. Bxb7 Rab8 16. Qc7 Qxb4 17. c3 Rxb7 18. Qxb7 Qxf4 19. Qxa7 Qd6 20. Rfd1 Qc6 21. Rab1 Na4 22. Rb8 Nxc3 23. Re1 Bc8 24. h3 Nd7 25. Rb3 Nd5 26. a4 Nc5 27. Rg3 Nf4 28. a5 Bb7 29. Kh2 Qd5 30. Nf3 Nfd3 31. Rd1 Qe4 32. Rg4 Qc6 33. Rd2 e5 34. Qb6 Qxb6 35. axb6 e4 36. Nd4 f5 37. Rg5 g6 38. Rg3 Kf7 39. Ra2 Rd8 40. Nb5 Kf6 41. Re3 Rb8 42. Nd6 Ba6 43. b7 Ke6 44. Nxe4 fxe4 45. f3 Bxb7 46. fxe4 Bxe4 47. g4 Rb1 48. Rd2 Ke5 49. Kg3 g5 50. Rc2 Kd4 51. Ree2 Nf4 0-1

[Event "EU-chT (Women) 24th"]
[Site "Budva"]
[Date "2023.11.11"]
[Round "1.11"]
[White "Hryzlova, Sofiia"]
[Black "Johannsdottir, Johanna Bjorg"]
[Result "1-0"]
[WhiteElo "2199"]
[BlackElo "1999"]
[PlyCount "103"]
[EventDate "2023.11.11"]
[EventType "team-swiss"]
[EventRounds "9"]
[EventCountry "MNE"]
[SourceTitle "CB47_2023"]
[SourceDate "2023.11.22"]
[SourceVersion "1"]
[SourceVersionDate "2023.11.22"]
[SourceQuality "1"]
[WhiteTeam "Switzerland (W)"]
[BlackTeam "Iceland (W)"]
[WhiteTeamCountry "SUI"]
[BlackTeamCountry "ISL"]

1. d4 Nf6 2. c4 e6 3. Nf3 b6 4. g3 Bb7 5. Bg2 d5 6. 0-0 Be7 7. Nc3 0-0 8. cxd5 exd5 9. Bf4 Nbd7 10. Rc1 a6 11. e3 Re8 12. Ne5 Nf8 13. g4 Rc8 14. Bg3 Ne4 15. Nxe4 dxe4 16. Nc6 Qd5 17. Qc2 Bd6 18. Qc4 Qg5 19. Qe2 Bxg3 20. fxg3 Nd7 21. Rf5 Qh6 22. Na7 Rcd8 23. Rxc7 Ba8 24. Rf4 b5 25. Qc2 Nf6 26. Nc6 Nd5 27. Nxd8 Nxf4 28. gxf4 Rxd8 29. Bxe4 Bxe4 30. Qxe4 Qh4 31. Qf3 Qe1+ 32. Kg2 Qd2+ 33. Qf2 Qd1 34. Kg3 h5 35. h3 hxg4 36. hxg4 Qh1 37. Rc5 Re8 38. a3 Qd1 39. g5 Qd3 40. Rc3 Qe4 41. Qf1 g6 42. Qd1 Kh7 43. d5 Rd8 44. d6 Qe6 45. Rd3 Kg7 46. d7 Kg8 47. Qc1 f6 48. Qc7 Qe7 49. Qc6 fxg5 50. Qxg6+ Kh8 51. Qh6+ Kg8 52. Qxg5+ 1-0

[Event "Wch U20 Girls Blitz"]
[Site "Pula"]
[Date "2023.10.14"]
[Round "3"]
[White "Hryzlova, Sofiia"]
[Black "Miroshnik, Ekaterina"]
[Result "1-0"]
[WhiteElo "2215"]
[BlackElo "2181"]
[PlyCount "160"]
[EventDate "2023.10.14"]
[EventType "swiss (blitz)"]
[EventRounds "11"]
[EventCountry "ITA"]
[SourceTitle "Mega2024 Update 01"]
[Source "Chessbase"]
[SourceDate "2023.11.12"]
[SourceVersion "1"]
[SourceVersionDate "2023.11.12"]
[SourceQuality "1"]

1. Nf3 Nf6 2. g3 d5 3. Bg2 e6 4. 0-0 c5 5. c4 d4 6. e3 Nc6 7. exd4 cxd4 8. d3 Bd6 9. Re1 0-0 10. Na3 e5 11. Nc2 a5 12. a3 Ne8 13. Rb1 a4 14. b4 axb3 15. Rxb3 f6 16. Nb4 Na5 17. Rb1 Nc7 18. Nd2 Ne6 19. Ne4 Nc5 20. Nxd6 Qxd6 21. Qf3 Be6 22. Nd5 Nab3 23. Qd1 Nxc1 24. Rxc1 Rxa3 25. Nb4 Rb3 26. Rb1 Rxb1 27. Qxb1 Bf5 28. Bd5+ Kh8 29. Bg2 Bg6 30. h4 f5 31. Qd1 e4 32. h5 Bf7 33. dxe4 fxe4 34. Nc2 Bxc4 35. Qxd4 Qxd4 36. Nxd4 Bd3 37. Rc1 b6 38. Rc3 Rd8 39. Nf5 g6 40. hxg6 hxg6 41. Ne3 Kg7 42. Ra3 Rd7 43. Bh3 Re7 44. Ra8 b5 45. Rb8 Na6 46. Rb6 Nb4 47. Bg4 Rc7 48. Kg2 Na2 49. Nd5 Ra7 50. Nf4 b4 51. Rxg6+ Kh7 52. Bf5 Kh8 53. Rb6 Ra3 54. Rb8+ Kg7 55. Rb7+ Kf6 56. g4 Ke5 57. Ng6+ Kd4 58. Ne7 Bc4 59. Nc6+ Kc3 60. Bxe4 b3 61. g5 Ra6 62. Ne5 Re6 63. f4 Nc1 64. Nxc4 Kxc4 65. Rc7+ Kd4 66. Bf5 Re1 67. g6 b2 68. g7 Ne2 69. g8Q Rg1+ 70. Kf2 Rxg8 71. Kxe2 Rf8 72. Bd3 Rxf4 73. Rc4+ Ke5 74. Rc5+ Kd6 75. Rb5 Rh4 76. Kd2 Rh2+ 77. Kc3 Kc6 78. Rb8 Kc7 79. Rb4 Kc6 80. Rxb2 Kc5 1-0

[Event "Wch U20 Girls 39th"]
[Site "Mexico City"]
[Date "2023.09.26"]
[Round "6"]
[White "Rodriguez Redondo, Adhara"]
[Black "Hryzlova, Sofiia"]
[Result "0-1"]
[WhiteElo "2135"]
[BlackElo "2228"]
[PlyCount "66"]
[EventDate "2023.09.21"]
[EventType "swiss"]
[EventRounds "11"]
[EventCountry "MEX"]
[SourceTitle "EXT 2024"]
[Source "ChessBase"]
[SourceDate "2023.10.10"]
[SourceVersion "1"]
[SourceVersionDate "2023.10.10"]
[SourceQuality "1"]

1. e4 c5 2. Nf3 d6 3. d4 cxd4 4. Nxd4 Nf6 5. Nc3 a6 6. h3 e5 7. Nb3 h5 8. Bg5 Be7 9. Be2 g6 10. Qd2 Be6 11. 0-0 Nbd7 12. f4 Rc8 13. Qe3 Bxb3 14. cxb3 d5 15. Qf3 Rxc3 16. bxc3 dxe4 17. Qg3 h4 18. Qe1 Nd5 19. Bxe7 Qxe7 20. Bc4 Qc5+ 21. Kh1 Ne3 22. Rf2 b5 23. b4 Qb6 24. Bb3 Nf5 25. Rd1 e3 26. Rb2 exf4 27. Bxf7+ Kxf7 28. Rxd7+ Kf6 29. c4 Re8 30. Rd5 Qe6 31. Qc3+ Kg5 32. Re2 Rc8 33. Kh2 Qxd5 0-1

[Event "Bucharest Queens"]
[Site "Bucharest"]
[Date "2023.08.26"]
[Round "7"]
[White "Sandu, Mihaela"]
[Black "Hryzlova, Sofiia"]
[Result "1-0"]
[WhiteElo "2204"]
[BlackElo "2239"]
[PlyCount "73"]
[EventDate "2023.08.22"]
[EventType "tourn"]
[EventRounds "9"]
[EventCountry "ROU"]
[SourceTitle "CBM 215 Extra"]
[Source "ChessBase"]
[SourceDate "2023.09.30"]
[SourceVersion "1"]
[SourceVersionDate "2023.09.30"]
[SourceQuality "1"]

1. e4 d6 2. d4 Nf6 3. Nc3 Nbd7 4. Nf3 e5 5. h3 c6 6. a4 Be7 7. Be2 Qc7 8. 0-0 h6 9. a5 Nf8 10. dxe5 dxe5 11. Nh4 g6 12. f4 Bd7 13. Be3 Ne6 14. fxe5 Qxe5 15. Nf3 Qc7 16. e5 Nh5 17. Ne4 Nhg7 18. Nd6+ Bxd6 19. exd6 Qd8 20. Nd4 Qh4 21. a6 b6 22. Bf3 Nxd4 23. Bxd4 0-0 24. Bc3 Rae8 25. Qd2 Kh7 26. Rae1 f5 27. Rxe8 Nxe8 28. Re1 Rf7 29. Re5 Ng7 30. Qe2 Kg8 31. Re7 Kf8 32. Qe5 Qc4 33. Kh2 g5 34. Bd4 Kg8 35. b3 Rxe7 36. dxe7 Qf7 37. Bh5 1-0

[Event "Bucharest Queens"]
[Site "Bucharest"]
[Date "2023.08.24"]
[Round "4"]
[White "Hryzlova, Sofiia"]
[Black "Kucharska, Honorata"]
[Result "1-0"]
[WhiteElo "2239"]
[BlackElo "2204"]
[PlyCount "151"]
[EventDate "2023.08.22"]
[EventType "tourn"]
[EventRounds "9"]
[EventCountry "ROU"]
[SourceTitle "CBM 215 Extra"]
[Source "ChessBase"]
[SourceDate "2023.09.30"]
[SourceVersion "1"]
[SourceVersionDate "2023.09.30"]
[SourceQuality "1"]

1. d4 Nf6 2. c4 e6 3. Nf3 b6 4. g3 Bb7 5. Bg2 Bb4+ 6. Nbd2 0-0 7. 0-0 Be7 8. Qc2 d5 9. Ne5 c5 10. Ndf3 Nc6 11. Nxc6 Bxc6 12. dxc5 Bxc5 13. Ne5 Bb7 14. Bg5 Be7 15. Qa4 Ne4 16. Bxe7 Qxe7 17. cxd5 exd5 18. Nd3 Nc5 19. Qb4 Rfe8 20. Nf4 Rad8 21. Rfd1 Qe5 22. e3 Ne6 23. Ne2 Qh5 24. Nd4 Nc5 25. Rac1 Qe5 26. Nf3 Qe7 27. Nh4 g6 28. Rc2 Rd6 29. Nf3 Bc8 30. Qh4 Qxh4 31. Nxh4 Red8 32. b4 Na6 33. a3 Be6 34. Nf3 Bf5 35. Rc3 Nb8 36. Nd4 Bd7 37. Rdc1 a5 38. bxa5 bxa5 39. Rc5 Be6 40. Rxa5 Nd7 41. Rc6 Ne5 42. Rxd6 Rxd6 43. Bf1 Rd8 44. Kg2 Rc8 45. Ra6 Nc4 46. a4 Bd7 47. a5 Rc5 48. Ra8+ Kg7 49. a6 Ra5 50. Be2 Ra2 51. Rd8 Be6 52. e4 Nb6 53. Rd6 Nc8 54. Rc6 Ne7 55. Nxe6+ Kf6 56. exd5 Nxc6 57. dxc6 Ke7 58. Bc4 Ra5 59. c7 Kd7 60. Nf8+ Kxc7 61. Nxh7 Ra4 62. Bf1 Kd6 63. Ng5 f6 64. Nf3 Ke6 65. h4 f5 66. Ng5+ Kf6 67. Nh3 Ra2 68. Nf4 Ra5 69. Kf3 g5 70. hxg5+ Kxg5 71. Ke3 Ra4 72. Ne6+ Kf6 73. Nd4 Ke5 74. f4+ Kf6 75. Bd3 Ra3 76. Nxf5 1-0

[Event "SUI-ch (Women) 122nd"]
[Site "Leukerbad"]
[Date "2023.07.17"]
[Round "3"]
[White "Stoeri, Laura"]
[Black "Hryzlova, Sofiia"]
[Result "0-1"]
[WhiteElo "2109"]
[BlackElo "2261"]
[PlyCount "68"]
[EventDate "2023.07.15"]
[EventType "tourn"]
[EventRounds "9"]
[EventCountry "SUI"]
[SourceTitle "CBM 215 Extra"]
[Source "ChessBase"]
[SourceDate "2023.09.30"]
[SourceVersion "1"]
[SourceVersionDate "2023.09.30"]
[SourceQuality "1"]

1. e4 c5 2. Nf3 e6 3. d4 cxd4 4. Nxd4 a6 5. Bd3 Bc5 6. Nb3 Ba7 7. 0-0 Ne7 8. c4 0-0 9. Nc3 Nbc6 10. Qe2 d6 11. Be3 e5 12. Rfd1 Be6 13. Rac1 Ng6 14. Bxa7 Rxa7 15. Qe3 b6 16. Bf1 Qb8 17. Rd2 Nce7 18. Rcd1 Nc8 19. Na1 Nge7 20. Nc2 g6 21. Nb4 Kg7 22. b3 h6 23. Qd3 Qc7 24. Qg3 Rd8 25. Nxa6 Rxa6 26. c5 Ra5 27. b4 Ra3 28. Nb5 Rxg3 29. Nxc7 Ra3 30. cxd6 Nc6 31. b5 Nd4 32. Nxe6+ Nxe6 33. Bc4 Nd4 34. f4 Nxd6 0-1

[Event "Basel Carnival op"]
[Site "Basel"]
[Date "2023.02.25"]
[Round "2"]
[White "Gibicar, Marc"]
[Black "Hryzlova, Sofiia"]
[Result "1/2-1/2"]
[WhiteElo "1948"]
[BlackElo "2234"]
[PlyCount "55"]
[EventDate "2023.02.24"]
[EventType "swiss"]
[EventRounds "5"]
[EventCountry "SUI"]
[SourceTitle "CBM 213 Extra"]
[Source "ChessBase"]
[SourceDate "2023.05.31"]
[SourceVersion "1"]
[SourceVersionDate "2023.05.31"]
[SourceQuality "1"]

1. d4 Nf6 2. c4 e6 3. Nc3 Bb4 4. Qc2 b6 5. a3 Bxc3+ 6. Qxc3 Bb7 7. Bg5 h6 8. Bh4 d6 9. Nf3 g5 10. Bg3 Ne4 11. Qc2 h5 12. h3 Nxg3 13. fxg3 Qf6 14. 0-0-0 Nd7 15. e3 0-0-0 16. Bd3 g4 17. hxg4 hxg4 18. Nh4 Qg5 19. Rhe1 f5 20. d5 Ne5 21. Kb1 Rhe8 22. e4 f4 23. Qf2 Rh8 24. Rh1 Rdf8 25. Bc2 Rh6 26. b4 Nd7 27. gxf4 Rxf4 28. Qe3 1/2-1/2

[Event "Basel Carnival op"]
[Site "Basel"]
[Date "2023.02.24"]
[Round "1"]
[White "Hryzlova, Sofiia"]
[Black "Sasata, Alexander"]
[Result "1-0"]
[WhiteElo "2234"]
[BlackElo "1677"]
[PlyCount "69"]
[EventDate "2023.02.24"]
[EventType "swiss"]
[EventRounds "5"]
[EventCountry "SUI"]
[SourceTitle "CBM 213 Extra"]
[Source "ChessBase"]
[SourceDate "2023.05.31"]
[SourceVersion "1"]
[SourceVersionDate "2023.05.31"]
[SourceQuality "1"]

1. Nf3 d5 2. g3 c5 3. Bg2 Nf6 4. 0-0 Nc6 5. d4 cxd4 6. Nxd4 Nxd4 7. Qxd4 e6 8. c4 Be7 9. Nc3 dxc4 10. Qxc4 0-0 11. Be3 Qa5 12. Qb5 Qxb5 13. Nxb5 Bd7 14. Nxa7 Ng4 15. Bb6 Bf6 16. Rad1 Ba4 17. Rd2 Ne5 18. Rc1 Nc6 19. b3 Nxa7 20. bxa4 Nc6 21. Bxc6 bxc6 22. a5 Be7 23. Rc4 Rfc8 24. Kf1 Kf8 25. Ke1 Ke8 26. a4 c5 27. Kd1 Rc6 28. Kc2 Bd8 29. Bxd8 Rxd8 30. Rxd8+ Kxd8 31. Kc3 Kd7 32. Rh4 h6 33. Kc4 Kc7 34. Kb5 g5 35. Rc4 1-0